000 00251nam a2200109Ia 4500
008 190216s9999||||xx |||||||||||||| ||und||
100 _aHrishikesh Chakraborty
245 0 _aManagement Accountancy
260 _bNull
_c1976
300 _a778p
942 _cBK
999 _c4185
_d4185